000 00584nam a2200229Ia 4500
003 OSt
005 20220928110459.0
006 a|||||r|||| 00| 0
007 ta
008 220927b |||||||| |||| 00| 0 eng d
024 _a58094
037 _cTextual
040 _aSDCL
_cSDCL
_beng
041 _2eng
_aeng
082 _aO152,3NMB,1, N5
100 _aMishra Sharan
_9419674
245 0 _aKa ke Lagun panv.
260 _aDelhi
_bRajpal
_c1995
300 _a486p.
_ccm.
942 _hO152,3NMB,1, N5
_cTEXL
_2CC
999 _c735816
_d735816